| 000 | 01100nam a22003617a 4500 | ||
|---|---|---|---|
| 001 | BR8203856 | ||
| 003 | BR-BrBNA | ||
| 005 | 20230928091356.0 | ||
| 007 | ta | ||
| 008 | 230509b bl.||||| |||| 00| 0 por d | ||
| 040 |
_aBR-BrBNA _bpor _cBiblioteca Nacional de Agricultura |
||
| 041 | _a(Por) | ||
| 072 |
_aF40; F28 _b/G514 |
||
| 090 | _ F40 BR8203856 | ||
| 110 | 1 | _aFundacao de Desenvolvimento da Regiao Metropolitana do Recife, PE (Brasil) | |
| 245 | 1 | _aAreas verdes, proposicoes para preservacao [conservacao, meio ambiente, Recife, Pernambuco, Brasil] | |
| 260 | 3 |
_aRecife, PE (Brasil): _c1982. |
|
| 300 | _a149 p. | ||
| 500 | _a17 ref.; 29 Maps, scale 1:10,000; 2 Maps, scale 1:50,000; 2 Maps, scale 1:200,00 | ||
| 650 | _aAREA VERDE | ||
| 650 | _aCOBERTURA VEGETAL | ||
| 650 | _aMATA | ||
| 650 | _aCONSERVACAO | ||
| 650 | _aNATUREZA | ||
| 650 | _aMEIO AMBIENTE | ||
| 650 | _aEQUILIBRIO ECOLOGICO | ||
| 650 | _aCONSERVACAO DO SOLO | ||
| 650 | _aRESERVA FLORESTAL | ||
| 650 | _aRECIFE | ||
| 650 | _aPERNAMBUCO | ||
| 909 |
_a202309 _bLucia _c55 _dLucia Elande |
||
| 942 | _cBK | ||
| 999 |
_c33611 _d33611 |
||